Opravné a dodatočné daňové priznanie k dani z príjmov fyzických osôb

Príspevok sa sústreďuje len na dane z príjmov (najmä fyzických, ale aj právnických osôb) upravené zákonom č. 366/1999 Z.z. v znení neskorších predpisov. Podávanie daňových priznaní. Opravné daňové priznanie. Dodatočné daňové priznanie. Penalizácia. Príklady.

Salvato in:
Dettagli Bibliografici
Natura: Capitolo di libro
Lingua:slovacco
Soggetti:
Tags: Aggiungi Tag
Nessun Tag, puoi essere il primo ad aggiungerne!!

MARC

LEADER 00000naa a2200000 4500
001 r048083
005 20231003090050.5
041 0 |a slo 
044 |a SK 
245 1 0 |a Opravné a dodatočné daňové priznanie k dani z príjmov fyzických osôb 
520 |a Príspevok sa sústreďuje len na dane z príjmov (najmä fyzických, ale aj právnických osôb) upravené zákonom č. 366/1999 Z.z. v znení neskorších predpisov. Podávanie daňových priznaní. Opravné daňové priznanie. Dodatočné daňové priznanie. Penalizácia. Príklady. 
610 2 0 |a priznania daňové 
610 2 0 |a opravy 
610 2 0 |a osoby fyzické 
610 2 0 |a dane z príjmov